Study of the grain boundary serration as a tool to achieve new technological properties in hardened nickel base superalloy

Salvato in:
Dettagli Bibliografici
Autore principale: Slatkovský, Ivan, 1988- (Autore)
Altri autori: Dománková, Mária, 1966- (Relatore della tesi)
Natura: Manoscritto Libro
Lingua:slovacco
inglese
Pubblicazione: 2017
Soggetti:
Accesso online:http://is.stuba.sk/zp/portal_zp.pl?podrobnosti=132562
Tags: Aggiungi Tag
Nessun Tag, puoi essere il primo ad aggiungerne!!

MARC

LEADER 00000ntm a22000003a 4500
001 stuzp57023
003 SK-STU
005 20180910085803.6
007 ta
008 150427s2015----xo-----f-mn---000-0-slo-d
040 |a STU  |b slo 
041 0 |a eng 
044 |a xo 
100 1 |a Slatkovský, Ivan,  |d 1988-  |u 061000  |4 aut  |9 100  |U MTF Materiálovotechnologická fakulta  |T MTF Ústav materiálov  |X 56885  |U M1000  |Y 81  |7 A000056885 
242 0 1 |a Štúdium zvlnených hraníc ako nástroja pre dosiahnutie nových technologických vlastnosti vo vytvrditeľnej niklovej superzliatine  |y slo 
245 1 0 |a Study of the grain boundary serration as a tool to achieve new technological properties in hardened nickel base superalloy 
260 |c 2017 
300 |a 121 
650 4 |a Niklové superzliatiny  |2 slo 
650 4 |a Špeciálne tepelné spracovanie  |2 slo 
650 4 |a Alloy 263  |2 slo 
650 4 |a Zvlnené hranice zŕn  |2 slo 
650 4 |a Grain boundary serration  |2 eng 
650 4 |a Nickel base superalloys  |2 eng 
650 4 |a Special heat treatment  |2 eng 
650 4 |a Alloy 263  |2 eng 
700 1 |a Dománková, Mária,  |d 1966-  |u 061000  |k Z1  |4 ths  |U MTF Materiálovotechnologická fakulta  |T MTF Ústav materiálov  |X 251  |U M1000  |Y 81  |7 A000000251 
856 4 |u http://is.stuba.sk/zp/portal_zp.pl?podrobnosti=132562 
996 |b .  |c M* DzP-626  |l MMSKP  |s P  |a 0  |w stuzp57023_0001